[Event "Turtle Speed # 20"]
[Site "SchemingMind.com"]
[Date "2009.02.01"]
[Round "-"]
[White "Joe Daudish"]
[Black "hlbcob"]
[Result "1/2-1/2"]
[WhiteCountry "USA"]
[BlackCountry "USA"]
[WhiteElo "1730"]
[WhiteRD "45"]
[BlackElo "1383"]
[BlackRD "117"]
[GameID "189919"]

1. d4 d5 2. Nf3 c6 3. Bf4 Nf6 4. h3 e6 5. e3 Nbd7 6. Bd3 Be7 7. O-O O-O 8. Nbd2 b5 9. c3 Qa5 10. a3 a6
11. Re1 Bb7 12. Ne5 Nxe5 13. Bxe5 Nd7 14. Bg3 c5 15. Nb3 Qb6 16. dxc5 Nxc5 17. Nxc5 Bxc5 18. Qh5 g6 19. Qh6 Be7 20. Be5 f6
21. Bd4 Qc7 22. e4 e5 23. Be3 Bc5 24. Bxc5 Qxc5 25. exd5 Bxd5 26. Be4 Rfd8 27. Bxd5+ Rxd5 28. Rad1 Rad8 29. Qc1 f5 30. Qc2 Qc6
31. Qb3 e4=
1/2-1/2

[Event "Turtle Speed # 20"]
[Site "SchemingMind.com"]
[Date "2009.02.01"]
[Round "-"]
[White "hlbcob"]
[Black "Joe Daudish"]
[Result "0-1"]
[WhiteCountry "USA"]
[BlackCountry "USA"]
[WhiteElo "1383"]
[WhiteRD "117"]
[BlackElo "1730"]
[BlackRD "45"]
[GameID "189920"]

1. d4 d5 2. c4 e6 3. Nc3 Nf6 4. Nf3 Be7 5. e3 dxc4 6. Bxc4 c6 7. O-O O-O 8. a3 Nbd7 9. b4 Nb6 10. Bb3 Nbd5
11. Bb2 Nxc3 12. Bxc3 Nd5 13. Bb2 b6 14. Qd3 a5 15. Bc2 g6 16. bxa5 Rxa5 17. a4 Ba6 18. Qb3 Bxf1 19. Rxf1 Bf6 20. Be4 Kg7
21. Bxd5 cxd5 22. Qxb6 Qxb6
0-1

[Event "Turtle Speed # 20"]
[Site "SchemingMind.com"]
[Date "2009.02.06"]
[Round "-"]
[White "finlaggan"]
[Black "Joe Daudish"]
[Result "1-0"]
[WhiteCountry "SCO"]
[BlackCountry "USA"]
[WhiteElo "2086"]
[WhiteRD "89"]
[BlackElo "1730"]
[BlackRD "45"]
[GameID "190926"]

1. c4 e6 2. Nc3 Nf6 3. e4 Be7 4. d4 d5 5. e5 Ng8 6. Qg4 g6 7. Be3 dxc4 8. Bxc4 c6 9. Qe2 Nd7 10. Nf3 b5
11. Bb3 Nb6 12. a3 Bb7 13. O-O Nd5 14. Nxd5 exd5 15. Rfe1 Qd7 16. Rac1 f6 17. exf6 Nxf6 18. Bg5 Kd8 19. Ne5 Qf5 20. Nxc6+ Bxc6
21. Qxe7+ Kc8 22. Rxc6+
1-0

[Event "Turtle Speed # 20"]
[Site "SchemingMind.com"]
[Date "2009.02.06"]
[Round "-"]
[White "finlaggan"]
[Black "hlbcob"]
[Result "1-0"]
[WhiteCountry "SCO"]
[BlackCountry "USA"]
[WhiteElo "2087"]
[WhiteRD "94"]
[BlackElo "1467"]
[BlackRD "110"]
[GameID "190927"]

1. e4 e5 2. Nf3 Nc6 3. d4 exd4 4. Nxd4 Nxd4 5. Qxd4 d6 6. Nc3 Nf6 7. Bg5 Be7 8. O-O-O Be6 9. Kb1 O-O 10. h4 Re8
11. Be2 a6 12. Rhe1 b5 13. Nd5 Nxd5 14. exd5 Bc8 15. Bd3 Bxg5 16. hxg5 Bb7 17. Rh1 Qxg5 18. Bxh7+ Kf8 19. Be4 Re5 20. g3 Ree8
21. Rh8+ Ke7 22. Rh7 f6 23. Qc3 Kd7 24. f4
1-0

[Event "Turtle Speed # 20"]
[Site "SchemingMind.com"]
[Date "2009.02.07"]
[Round "-"]
[White "Joe Daudish"]
[Black "finlaggan"]
[Result "0-1"]
[WhiteCountry "USA"]
[BlackCountry "SCO"]
[WhiteElo "1730"]
[WhiteRD "45"]
[BlackElo "2086"]
[BlackRD "89"]
[GameID "190928"]

1. d4 d5 2. Nf3 Nf6 3. Bf4 Bf5 4. h3 Nbd7 5. e3 h6 6. Bd3 Bxd3 7. Qxd3 e6 8. Nbd2 c5 9. c3 Be7 10. O-O O-O
11. Rfe1 Rc8 12. Rad1 a6 13. Ne5 Nxe5 14. Bxe5 Nd7 15. Bg3 Qb6 16. b3 cxd4 17. cxd4 Qa5 18. Qb1 Bb4 19. Re2 Nf6 20. Be5 Nd7
21. Bg3 Rc6 22. Nf3 Rfc8 23. Ne5 Nxe5 24. Bxe5 Qb5 25. Rb2 Ba3 26. Kh2 Bxb2 27. Qxb2 Rc2 28. Qa3 Qe2 29. Rg1 Qxf2 30. b4 Rxa2
31. Qb3 Rc1 32. Qxa2 Qxg1+ 33. Kg3 Qxe3+ 34. Kh2 Qg1+ 35. Kg3 Rc3+
0-1

[Event "Turtle Speed # 20"]
[Site "SchemingMind.com"]
[Date "2009.02.06"]
[Round "-"]
[White "hlbcob"]
[Black "finlaggan"]
[Result "0-1"]
[WhiteCountry "USA"]
[BlackCountry "SCO"]
[WhiteElo "1401"]
[WhiteRD "95"]
[BlackElo "2042"]
[BlackRD "98"]
[GameID "190929"]

1. d4 d5 2. c4 c6 3. Nc3 Nf6 4. Nf3 a6 5. e3 b5 6. cxd5 cxd5 7. h3 e6 8. Bd3 Nc6 9. a3 Be7 10. O-O O-O
11. b4 Bb7 12. Qc2 Rc8 13. Qb1 Nxd4 14. Nxd4 Rxc3 15. Bb2 Rc8 16. Rc1 Qb6 17. Qa2 Ne4 18. Bxe4 dxe4 19. Qb3 Bd5 20. Qd1 Bf6
21. Qd2 e5 22. Ne2 Qe6 23. Ng3 Bg5 24. Rxc8 Rxc8 25. Rc1 Rxc1+ 26. Qxc1 Bd8 27. Qc2 f5 28. Kh1 Bc4 29. Kh2 Be7 30. Kg1 g6
31. Nf1 Qd5 32. Qd2 Bd6 33. Qxd5+ Bxd5 34. Nd2 Kf7 35. Kh2 Ke6 36. Kg3 Bc7 37. Kh4 f4 38. Kg5 fxe3 39. fxe3 Bb6 40. g4 Bxe3+
0-1

[Event "Turtle Speed # 20"]
[Site "SchemingMind.com"]
[Date "2009.02.11"]
[Round "-"]
[White "Imre030"]
[Black "Joe Daudish"]
[Result "0-1"]
[WhiteCountry "HUN"]
[BlackCountry "USA"]
[WhiteElo "1477"]
[WhiteRD "135"]
[BlackElo "1734"]
[BlackRD "47"]
[GameID "191660"]

1. e4 e6 2. Nc3 d5 3. d3 Ne7 4. Nf3 Ng6 5. Na4 dxe4 6. dxe4 Be7 7. Bb5+ c6 8. Be2 Nd7 9. Be3 O-O 10. Rg1 Nf6
11. Nc3 b6 12. Qxd8 Bxd8 13. e5 Nd5 14. Nxd5 cxd5 15. a4 Be7 16. Bd3 Bb7 17. b3 Bb4+ 18. Kf1 Rac8 19. Rc1 Bc3 20. Bd2 Bxe5
21. Bb4 Rfe8 22. Re1 Bf6 23. c4 dxc4 24. Bxc4 Red8 25. a5 Bxf3 26. gxf3 Kh8 27. axb6 axb6 28. Ba6 Rc2 29. Re2 Rd1+ 30. Be1 Rcc1
31. h3 Bc3 32. Kg2 Bxe1 33. Re4 Bxf2 34. Be2 Bxg1 35. Bxd1 Rxd1 36. Rc4 Kg8 37. Rc8+ Nf8 38. Kg3 g6 39. h4 h5 40. Rb8 Kg7
41. f4 Nd7 42. Kf3 Nf6 43. Rxb6 Bxb6
0-1

[Event "Turtle Speed # 20"]
[Site "SchemingMind.com"]
[Date "2009.02.11"]
[Round "-"]
[White "Imre030"]
[Black "finlaggan"]
[Result "0-1"]
[WhiteCountry "HUN"]
[BlackCountry "SCO"]
[WhiteElo "1477"]
[WhiteRD "135"]
[BlackElo "2086"]
[BlackRD "90"]
[GameID "191661"]

1. d4 d5 2. c4 c6 3. Nf3 Nf6 4. Bf4 dxc4 5. Nc3 Bf5 6. e4 Nxe4 7. Bxc4 e6 8. Bg5 Nxg5 9. d5 cxd5 10. Bb5+ Nc6
11. O-O Bc5 12. Nxg5 Qxg5 13. a4 O-O 14. Ne2 Rac8 15. Qc1 Qxc1 16. Raxc1 Ne5 17. Nf4 Rfd8 18. Rcd1 a6 19. Be2 Bc2 20. Ra1 d4
21. Bd1 d3 22. Re1 Bd4 23. Re4 Bxb2 24. Ra2 d2 25. Rxb2 Bxe4 26. Rxb7 Bxb7 27. g3 Rc1 28. h4 Rxd1+ 29. Kh2 Rh1#
0-1

[Event "Turtle Speed # 20"]
[Site "SchemingMind.com"]
[Date "2009.02.10"]
[Round "-"]
[White "Imre030"]
[Black "hlbcob"]
[Result "1/2-1/2"]
[WhiteCountry "HUN"]
[BlackCountry "USA"]
[WhiteElo "1433"]
[WhiteRD "118"]
[BlackElo "1467"]
[BlackRD "110"]
[GameID "191662"]

1. e4 c6 2. Nf3 d5 3. Nc3 dxe4 4. Nxe4 Bf5 5. d3 Bxe4 6. dxe4 Qxd1+ 7. Kxd1 e6 8. Ne5 Nf6 9. Bd3 Bc5 10. Be3 Bxe3
11. fxe3 O-O 12. Be2 Nxe4 13. Ke1 Rd8 14. Rd1 Rxd1+ 15. Bxd1 Nf6 16. Bf3 Nbd7 17. Ng4 Nxg4 18. Bxg4 Rd8 19. Rf1 Ne5 20. Bh5 Nc4
21. Bxf7+ Kh8 22. Bxe6 Nxb2 23. c4 Rd1+ 24. Ke2 Rxf1 25. Kxf1 c5 26. e4 Na4 27. e5 Nb6 28. Bf7 g6 29. e6 Kg7 30. h4 Nxc4
31. h5 gxh5 32. Bxh5 Kf6 33. Be2 Na5 34. Bg4 Nc6 35. Kf2 Nd4 36. Ke3 Nxe6 37. Bf3 b5 38. Be4 c4 39. Bxh7 a5 40. Kd2 b4
41. Kc2 Nd4+ 42. Kc1 c3 43. Bc2 Kg5 44. Bd1 Kf4 45. a3 b3 46. Kb1 Kg3 47. a4 Kxg2 48. Bxb3 Nxb3 49. Kc2 Nd4+ 50. Kxc3 Ne6=
1/2-1/2

[Event "Turtle Speed # 20"]
[Site "SchemingMind.com"]
[Date "2009.02.11"]
[Round "-"]
[White "Joe Daudish"]
[Black "Imre030"]
[Result "0-1"]
[WhiteCountry "USA"]
[BlackCountry "HUN"]
[WhiteElo "1698"]
[WhiteRD "45"]
[BlackElo "1576"]
[BlackRD "178"]
[GameID "191663"]

1. d4 d5 2. Nf3 Nc6 3. Bf4 Bf5 4. c3 Nf6 5. h3 e6 6. e3 Bd6 7. Bxd6 Qxd6 8. Bd3 O-O 9. Bxf5 exf5 10. Nbd2 a5
11. O-O Ne4 12. Qc2 b6 13. Nxe4 dxe4 14. Nd2 Ne7 15. c4 Ng6 16. a3 Nh4 17. f4 Qg6 18. Nb3 a4 19. Nc1 c5 20. d5 Qg3
21. Qe2 b5 22. Qe1 Qxg2#
0-1

[Event "Turtle Speed # 20"]
[Site "SchemingMind.com"]
[Date "2009.02.11"]
[Round "-"]
[White "finlaggan"]
[Black "Imre030"]
[Result "1-0"]
[WhiteCountry "SCO"]
[BlackCountry "HUN"]
[WhiteElo "2086"]
[WhiteRD "90"]
[BlackElo "1477"]
[BlackRD "135"]
[GameID "191664"]

1. e4 c5 2. Nc3 d6 3. g3 Nf6 4. Bg2 Bg4 5. Nge2 Nc6 6. h3 Bd7 7. d3 e5 8. Be3 Nd4 9. O-O Be7 10. Nd5 Nxe2+
11. Qxe2 O-O 12. f4 Nxd5 13. exd5 Bf6 14. c3 b6 15. Qf2 a5 16. Rae1 a4 17. a3 b5 18. fxe5 dxe5 19. Bxc5 Be7 20. Bxe7 Qxe7
21. d6 Qxd6 22. Bxa8 Rxa8 23. Qxf7+ Kh8 24. Rxe5 Rf8 25. Qxf8+ Qxf8 26. Rxf8#
1-0

[Event "Turtle Speed # 20"]
[Site "SchemingMind.com"]
[Date "2009.02.10"]
[Round "-"]
[White "hlbcob"]
[Black "Imre030"]
[Result "0-1"]
[WhiteCountry "USA"]
[BlackCountry "HUN"]
[WhiteElo "1383"]
[WhiteRD "117"]
[BlackElo "1479"]
[BlackRD "125"]
[GameID "191665"]

1. d4 d5 2. c4 Nf6 3. Nc3 Nc6 4. Nf3 Bf5 5. e3 e6 6. Nh4 Bg4 7. Nf3 Bb4 8. Be2 Ne4 9. Bd2 Ba5 10. a3 O-O
11. O-O a6 12. h3 Nxc3 13. Bxc3 Bf5 14. Bd3 Be4 15. b4 Bb6 16. Bxe4 dxe4 17. Nd2 Ne7 18. c5 Ba7 19. Nxe4 c6 20. Nd6 Nd5
21. Bb2 b6 22. Qg4 bxc5 23. dxc5 Nf6 24. Qh4 a5 25. Bxf6 gxf6 26. Qh6 axb4 27. axb4 Bb8 28. Ne4 Qc7 29. g3 Qe5 30. Rxa8 f5
31. Ng5 Qg7 32. Rb1 Qxh6
0-1

[Event "Turtle Speed # 20"]
[Site "SchemingMind.com"]
[Date "2009.02.14"]
[Round "-"]
[White "_keyes"]
[Black "finlaggan"]
[Result "1/2-1/2"]
[WhiteCountry "ENG"]
[BlackCountry "SCO"]
[WhiteElo "2006"]
[WhiteRD "77"]
[BlackElo "2086"]
[BlackRD "89"]
[GameID "191667"]

1. d4 d5 2. c4 c6 3. Nc3 Nf6 4. Nf3 a6 5. cxd5 cxd5 6. Qb3 Nc6 7. e3 e6 8. Bd3 Be7 9. O-O O-O 10. Bd2 Bd7
11. Rac1 b5 12. Ne2 Rc8 13. Ng3 Qb6 14. Bb1 a5 15. Qd3 Bb4 16. a3 Bxd2 17. Nxd2 g6 18. Nb3=
1/2-1/2

[Event "Turtle Speed # 20"]
[Site "SchemingMind.com"]
[Date "2009.02.14"]
[Round "-"]
[White "_keyes"]
[Black "Imre030"]
[Result "1-0"]
[WhiteCountry "ENG"]
[BlackCountry "HUN"]
[WhiteElo "1997"]
[WhiteRD "83"]
[BlackElo "1477"]
[BlackRD "135"]
[GameID "191668"]

1. d4 d5 2. c4 Nf6 3. cxd5 c6 4. dxc6 Nxc6 5. e3 e5 6. Bb5 Qa5+ 7. Nc3 Bg4 8. f3 Be6 9. dxe5 Nd5 10. Bxc6+ bxc6
11. Bd2 Qc7 12. Nxd5 Bxd5 13. Bc3 a5 14. a3 a4 15. Ne2 Bc5 16. Bd4 Be7 17. O-O Bb3 18. Qd3 c5 19. Qb5+ Kf8 20. Rac1 Ra5
21. Qd3 g6 22. Bc3 Be6 23. Bxa5 Qxa5 24. Qc3 Bd8 25. Qxa5 Bxa5 26. Nc3 Bd7 27. Rfd1 Be8 28. Rd8 Bxd8 29. Ne4 Bb6 30. Nxc5 h5
31. Kf2 Bxc5 32. Rxc5 Bd7 33. e4 Kg7 34. Rc7 Rb8 35. Rxd7 Rxb2+ 36. Kg3 Ra2 37. e6 Rb2 38. Rxf7+ Kh6 39. e7 Rb8 40. Rf8 h4+
41. Kxh4 g5+ 42. Kg3 Rb2 43. e8=Q Ra2 44. Qe6+ Kh5 45. Rh8#
1-0

[Event "Turtle Speed # 20"]
[Site "SchemingMind.com"]
[Date "2009.02.14"]
[Round "-"]
[White "_keyes"]
[Black "hlbcob"]
[Result "1-0"]
[WhiteCountry "ENG"]
[BlackCountry "USA"]
[WhiteElo "2006"]
[WhiteRD "77"]
[BlackElo "1383"]
[BlackRD "117"]
[GameID "191669"]

1. d4 d5 2. c4 c6 3. Nc3 e6 4. e3 Nf6 5. Nf3 Bd6 6. Qc2 O-O 7. Bd3 Qc7 8. O-O Na6 9. a3 dxc4 10. Bxc4 c5
11. Nb5 Qd7 12. Nxd6 Qxd6 13. Bxa6 bxa6 14. dxc5 Qc6 15. b4 Bb7 16. Bb2 Nd5 17. Qc4 Rfd8 18. a4 Rac8 19. Rac1 Nb6 20. Qg4 g6
21. cxb6 Qxa4 22. Rxc8 Rxc8 23. bxa7 f5 24. Qd4
1-0

[Event "Turtle Speed # 20"]
[Site "SchemingMind.com"]
[Date "2009.02.13"]
[Round "-"]
[White "Joe Daudish"]
[Black "_keyes"]
[Result "0-1"]
[WhiteCountry "USA"]
[BlackCountry "ENG"]
[WhiteElo "1730"]
[WhiteRD "45"]
[BlackElo "2006"]
[BlackRD "77"]
[GameID "191670"]

1. d4 Nf6 2. Nf3 d5 3. Bf4 h6 4. h3 Bf5 5. e3 Nbd7 6. Bd3 Bxd3 7. Qxd3 c6 8. O-O e6 9. Nbd2 Be7 10. c3 Nf8
11. Rfe1 Ng6 12. Bh2 O-O 13. Ne5 Nxe5 14. Bxe5 Nd7 15. Bg3 c5 16. e4 dxe4 17. Nxe4 cxd4 18. Qxd4 Nf6 19. Nxf6+ Bxf6 20. Qxd8 Rfxd8
21. Rad1 b5 22. a3 Rxd1 23. Rxd1 a5 24. Rb1 b4 25. cxb4 axb4 26. Bd6 bxa3 27. bxa3 Bd4 28. Kf1 Rc8 29. Rb8 Rxb8 30. Bxb8 Bb6
31. Bd6 f6 32. Ke2 Kf7 33. Bb4 e5 34. f3 h5 35. Kd3 f5 36. a4 Ke6 37. a5 Ba7 38. Bc3 Kd5 39. g4 hxg4 40. hxg4 fxg4
41. fxg4 g6
0-1

[Event "Turtle Speed # 20"]
[Site "SchemingMind.com"]
[Date "2009.02.13"]
[Round "-"]
[White "finlaggan"]
[Black "_keyes"]
[Result "1/2-1/2"]
[WhiteCountry "SCO"]
[BlackCountry "ENG"]
[WhiteElo "2086"]
[WhiteRD "89"]
[BlackElo "2006"]
[BlackRD "77"]
[GameID "191671"]

1. e4 c5 2. Nc3 a6 3. g3 d6 4. Bg2 e6 5. d3 Nc6 6. f4 Qc7 7. Nf3 Bd7 8. Be3 Be7 9. O-O Nf6 10. h3 O-O
11. Qd2 Rac8 12. Ne2 Rfd8 13. g4 Be8 14. c3 d5 15. e5 Nd7 16. d4=
1/2-1/2

[Event "Turtle Speed # 20"]
[Site "SchemingMind.com"]
[Date "2009.02.13"]
[Round "-"]
[White "Imre030"]
[Black "_keyes"]
[Result "0-1"]
[WhiteCountry "HUN"]
[BlackCountry "ENG"]
[WhiteElo "1477"]
[WhiteRD "135"]
[BlackElo "1997"]
[BlackRD "83"]
[GameID "191672"]

1. d4 Nf6 2. Nf3 e6 3. e3 b6 4. Be2 Bb7 5. Nc3 Bb4 6. O-O O-O 7. a3 Bxc3 8. bxc3 d6 9. e4 Nxe4 10. Bb5 Nxc3
11. Qd3 Nxb5 12. Qxb5 Ba6 13. Qg5 Qxg5 14. Nxg5 Bxf1 15. Kxf1 Nd7 16. c3 c5 17. Ne4 d5 18. Nd6 Nf6 19. Bg5 cxd4 20. cxd4 Rfd8
21. Nb7 Rd7 22. Nc5 bxc5 23. dxc5 Ne4 24. Be3 Rc7 25. Rc1 Rac8 26. f3 Nxc5 27. Bf4 Rc6 28. Re1 Nd3 29. Rb1 Nxf4 30. Re1 Rc1
31. Kf2 R8c2+ 32. Re2 Rxe2+
0-1

[Event "Turtle Speed # 20"]
[Site "SchemingMind.com"]
[Date "2009.02.13"]
[Round "-"]
[White "hlbcob"]
[Black "_keyes"]
[Result "0-1"]
[WhiteCountry "USA"]
[BlackCountry "ENG"]
[WhiteElo "1383"]
[WhiteRD "117"]
[BlackElo "2006"]
[BlackRD "77"]
[GameID "191673"]

1. d4 Nf6 2. c4 e6 3. a3 b6 4. Nc3 Bb7 5. e3 d5 6. Nf3 Be7 7. Bd3 O-O 8. O-O c5 9. cxd5 exd5 10. dxc5 bxc5
11. Ne5 Bd6 12. Ng4 Nbd7 13. Bb5 Nxg4 14. Qxg4 Ne5 15. Qh3 a6 16. Ba4 Bc8 17. Qg3 Ng4 18. Qh3 Bxh2+ 19. Kh1 Nxf2+
0-1

[Event "Turtle Speed # 20"]
[Site "SchemingMind.com"]
[Date "2009.02.13"]
[Round "-"]
[White "Francisco Aquino"]
[Black "_keyes"]
[Result "0-1"]
[WhiteCountry "BRA"]
[BlackCountry "ENG"]
[WhiteElo "1832"]
[WhiteRD "79"]
[BlackElo "2032"]
[BlackRD "85"]
[GameID "191762"]

1. e4 c5 2. Nf3 d6 3. Bb5+ Bd7 4. Bxd7+ Qxd7 5. O-O e6 6. Nc3 Nc6 7. d4 cxd4 8. Nxd4 Nxd4 9. Qxd4 a6 10. Bg5 f6
11. Bh4 Ne7 12. Rad1 Nc6 13. Qc4 b5 14. Qe2 Be7 15. a3 O-O 16. Rfe1 Ne5 17. b3 Rac8 18. Na2 Qc7 19. Rd2 Qa5 20. a4 bxa4
21. bxa4 Qxa4 22. c3 Rc6 23. Rc1 Rfc8 24. Rdc2 Rc4 25. f3 d5 26. Bg3 dxe4 27. Bxe5 fxe5 28. fxe4 Rxe4 29. Qd2 Bc5+ 30. Kh1 Be3
31. Qd6 Qc4 32. Rb1 Rf4 33. h3 Rf1+ 34. Rxf1 Qxf1+ 35. Kh2 Bg1+ 36. Kg3 Qf4#
0-1

[Event "Turtle Speed # 20"]
[Site "SchemingMind.com"]
[Date "2009.02.11"]
[Round "-"]
[White "Francisco Aquino"]
[Black "Joe Daudish"]
[Result "1-0"]
[WhiteCountry "BRA"]
[BlackCountry "USA"]
[WhiteElo "1833"]
[WhiteRD "74"]
[BlackElo "1720"]
[BlackRD "45"]
[GameID "191763"]

1. e4 e6 2. d4 d5 3. exd5 Qxd5 4. Nc3 Qd8 5. Nf3 Nf6 6. Bg5 Be7 7. Bb5+ Bd7 8. O-O h6 9. Bh4 O-O 10. Re1 Bxb5
11. Nxb5 c6 12. Nc3 Nd5 13. Bxe7 Nxe7 14. Ne4 Nd7 15. c4 Ng6 16. Rc1 Nf6 17. Ng3 Qb6 18. b3 Rad8 19. Qc2 Rfe8 20. c5 Qc7
21. Rcd1 Nd5 22. a3 a6 23. Ne4 e5 24. Nd6 Rxd6 25. cxd6
1-0

[Event "Turtle Speed # 20"]
[Site "SchemingMind.com"]
[Date "2009.02.11"]
[Round "-"]
[White "Francisco Aquino"]
[Black "finlaggan"]
[Result "0-1"]
[WhiteCountry "BRA"]
[BlackCountry "SCO"]
[WhiteElo "1853"]
[WhiteRD "79"]
[BlackElo "2086"]
[BlackRD "90"]
[GameID "191764"]

1. e4 c5 2. Nf3 a6 3. d4 cxd4 4. Nxd4 Nf6 5. Nc3 e5 6. Nf3 Bb4 7. Bc4 Qc7 8. Bd3 Bxc3+ 9. bxc3 Qxc3+ 10. Bd2 Qc7
11. O-O d6 12. Bg5 Nbd7 13. Rb1 h6 14. Be3 Nc5 15. Bxc5 dxc5 16. Re1 O-O 17. Qd2 Bg4 18. Nh4 Rad8 19. Qe3 c4 20. Be2 Bxe2
21. Rxe2 Rd4 22. f3 Rfd8 23. Nf5 R4d7 24. Rb6 Rd1+ 25. Kf2 Nh5 26. g3 Nf4 27. Nxh6+ gxh6 28. Rxh6 f6 29. Rxf6 Qh7 30. h4 Nh3+
31. Kg2 Qg7 32. Rf5 Rg1+ 33. Qxg1 Nxg1 34. Kxg1 Qxg3+ 35. Rg2 Rd1#
0-1

[Event "Turtle Speed # 20"]
[Site "SchemingMind.com"]
[Date "2009.02.10"]
[Round "-"]
[White "Francisco Aquino"]
[Black "Imre030"]
[Result "1-0"]
[WhiteCountry "BRA"]
[BlackCountry "HUN"]
[WhiteElo "1832"]
[WhiteRD "79"]
[BlackElo "1576"]
[BlackRD "178"]
[GameID "191765"]

1. e4 e5 2. Nf3 Nf6 3. Nc3 Bb4 4. d3 O-O 5. Nxe5 Nc6 6. Nxc6 bxc6 7. Bg5 d5 8. e5 Bg4 9. f3 Re8 10. fxg4 Rxe5+
11. Be2 Rxg5 12. O-O Bc5+ 13. d4 Bb4 14. h3 c5 15. a3 Ba5 16. dxc5 Ne4 17. Nxe4 dxe4 18. b4 Qxd1 19. Raxd1 Rf8 20. Rd4 c6
21. bxa5 Rxc5 22. Rxe4 Rxa5 23. a4 Rb8 24. Re7 g6 25. Rfxf7 Rf8 26. Rg7+ Kh8 27. Rxh7+ Kg8 28. Reg7#
1-0

[Event "Turtle Speed # 20"]
[Site "SchemingMind.com"]
[Date "2009.02.12"]
[Round "-"]
[White "Francisco Aquino"]
[Black "hlbcob"]
[Result "1-0"]
[WhiteCountry "BRA"]
[BlackCountry "USA"]
[WhiteElo "1853"]
[WhiteRD "79"]
[BlackElo "1441"]
[BlackRD "143"]
[GameID "191766"]

1. e4 c6 2. d4 d5 3. Nc3 dxe4 4. Nxe4 Bf5 5. Ng3 Bg6 6. Nf3 h6 7. Bc4 Nf6 8. O-O e6 9. c3 Qc7 10. Re1 Bd6
11. Nh4 Bh7 12. Bd3 Bxg3 13. hxg3 Bxd3 14. Qxd3 O-O 15. Bf4 Qe7 16. Nf5 Qd7 17. Nxh6+ gxh6 18. Bxh6 Re8 19. Re5 Nh7 20. Qe4 Qe7
21. Qg4+
1-0

[Event "Turtle Speed # 20"]
[Site "SchemingMind.com"]
[Date "2009.02.11"]
[Round "-"]
[White "Joe Daudish"]
[Black "Francisco Aquino"]
[Result "0-1"]
[WhiteCountry "USA"]
[BlackCountry "BRA"]
[WhiteElo "1720"]
[WhiteRD "45"]
[BlackElo "1833"]
[BlackRD "74"]
[GameID "191768"]

1. d4 d5 2. Nf3 Nf6 3. Bf4 Nc6 4. h3 Bf5 5. c3 e6 6. e3 Bd6 7. Bxd6 Qxd6 8. Bd3 O-O-O 9. Bxf5 exf5 10. O-O h6
11. Nbd2 g5 12. c4 g4 13. c5 Qe7 14. hxg4 fxg4 15. Nh2 Rdg8 16. Qc2 h5 17. Qf5+ Kb8 18. a3 h4 19. b4 g3 20. fxg3 hxg3
21. Qxf6 Qxe3+ 22. Rf2 gxf2+ 23. Qxf2 Qxf2+ 24. Kxf2 Rxh2 25. Rg1 Nxd4
0-1

[Event "Turtle Speed # 20"]
[Site "SchemingMind.com"]
[Date "2009.02.11"]
[Round "-"]
[White "finlaggan"]
[Black "Francisco Aquino"]
[Result "1/2-1/2"]
[WhiteCountry "SCO"]
[BlackCountry "BRA"]
[WhiteElo "2086"]
[WhiteRD "90"]
[BlackElo "1853"]
[BlackRD "79"]
[GameID "191769"]

1. c4 e5 2. Nc3 Nf6 3. Nf3 Nc6 4. g3 d6 5. Bg2 Bg4 6. O-O Be7 7. h3 Bh5 8. d4 Bxf3 9. Bxf3 exd4 10. Nb5 O-O
11. Nxd4 Nxd4 12. Qxd4 c5 13. Qc3 Qd7 14. Bg2 Rab8 15. Bf4 Nh5 16. Bd2 Rfe8 17. Qf3 Nf6 18. e4 Bf8 19. Rfe1 b5 20. cxb5 Rxb5
21. Bc3 Re6 22. e5 dxe5 23. Rxe5 Rxe5 24. Bxe5 Rb6 25. Rd1 Qe6 26. Bxf6 Qxf6=
1/2-1/2

[Event "Turtle Speed # 20"]
[Site "SchemingMind.com"]
[Date "2009.02.10"]
[Round "-"]
[White "Imre030"]
[Black "Francisco Aquino"]
[Result "0-1"]
[WhiteCountry "HUN"]
[BlackCountry "BRA"]
[WhiteElo "1576"]
[WhiteRD "178"]
[BlackElo "1832"]
[BlackRD "79"]
[GameID "191770"]

1. e4 e5 2. Nf3 Nc6 3. Bb5 Nf6 4. d3 d6 5. O-O Bg4 6. Bg5 Be7 7. Nc3 O-O 8. a4 Nd4 9. b3 c6 10. Bc4 a6
11. h3 Bxf3 12. gxf3 b5 13. Bxf7+ Rxf7 14. Ne2 Nxf3+ 15. Kh1 Nxg5 16. Rg1 Nxh3 17. Rg2 Ng4 18. Qd2 Ngxf2+ 19. Kh2 Ng5 20. Qe1 Nf3+
21. Kg3 Bh4#
0-1

[Event "Turtle Speed # 20"]
[Site "SchemingMind.com"]
[Date "2009.02.12"]
[Round "-"]
[White "hlbcob"]
[Black "Francisco Aquino"]
[Result "0-1"]
[WhiteCountry "USA"]
[BlackCountry "BRA"]
[WhiteElo "1441"]
[WhiteRD "143"]
[BlackElo "1853"]
[BlackRD "79"]
[GameID "191771"]

1. d4 d5 2. c4 dxc4 3. e4 Nc6 4. Nf3 Bg4 5. d5 Ne5 6. Be2 Bxf3 7. Bxf3 Nf6 8. Be2 Nxe4 9. Qd4 Nxf2 10. Qxf2 Qxd5
11. O-O e6 12. Bf4 Bc5 13. Be3 Bxe3 14. Qxe3 O-O 15. Nc3 Qd6 16. Rfd1 Nd3 17. Bxd3 cxd3 18. Rxd3 Qb4 19. Rd2 a6 20. Rad1 h6
21. Qd4 Qe7 22. Qd7 Qc5+ 23. Kh1 Rac8 24. Qa4 f6 25. Rd7 Qf2 26. Qb3 Rfe8 27. Qxb7 Qb6 28. Rxc7 Qxc7
0-1

[Event "Turtle Speed # 20"]
[Site "SchemingMind.com"]
[Date "2009.02.13"]
[Round "-"]
[White "MetallicMagma"]
[Black "_keyes"]
[Result "0-1"]
[WhiteCountry "USA"]
[BlackCountry "ENG"]
[WhiteElo "1308"]
[WhiteRD "126"]
[BlackElo "2032"]
[BlackRD "85"]
[GameID "191822"]

1. e4 c5 2. Nc3 a6 3. d3 e6 4. Nf3 d6 5. Bg5 Nf6 6. g3 Be7 7. d4 cxd4 8. Qxd4 Nc6 9. Qe3 h6 10. Bf4 e5
11. Bc4 exf4 12. gxf4 O-O 13. e5 Ng4 14. Qe4 Qb6 15. Nd1 dxe5 16. fxe5 Ngxe5 17. Nxe5 Nxe5 18. Qxe5 Bf6 19. Qe4 Bh3 20. Ne3 Bxb2
21. Rd1 Bc3+ 22. Ke2 Rae8 23. Qd3 Ba5 24. Bb3 Qf6 25. c4 Bg4+ 26. Kf1 Bxd1 27. Nxd1 Re1+ 28. Kg2 Rxh1 29. Kxh1 Re8 30. Ne3 Qxf2
31. Nc2 Bc7 32. Qh3 Bb6 33. Qg2 Re1+ 34. Nxe1 Qxe1+
0-1

[Event "Turtle Speed # 20"]
[Site "SchemingMind.com"]
[Date "2009.02.12"]
[Round "-"]
[White "MetallicMagma"]
[Black "Joe Daudish"]
[Result "0-1"]
[WhiteCountry "USA"]
[BlackCountry "USA"]
[WhiteElo "1446"]
[WhiteRD "154"]
[BlackElo "1720"]
[BlackRD "45"]
[GameID "191823"]

1. e4 e6 2. Nc3 d5 3. d4 Ne7 4. Bg5 h6 5. Bh4 dxe4 6. Nxe4 Qd5 7. Nc3 Qa5 8. a3 c6 9. b4 Qc7 10. Bg3 Qd7
11. Ne4 Ng6 12. Nf3 Be7 13. Ne5 Nxe5 14. Bxe5 f6 15. Bf4 O-O 16. Nc5 Bxc5 17. bxc5 b6 18. cxb6 axb6 19. g3 Ba6 20. c3 Bxf1
21. Rxf1 b5 22. Rb1 Rxa3 23. Ra1 Ra6 24. Bxb8 Rxa1 25. Qxa1 Rxb8 26. Ke2 Kf7 27. Qb2 Ra8 28. Ra1 Rxa1 29. Qxa1 Qd5 30. h4 f5
31. Qa7+ Kf6 32. f4 Qe4+ 33. Kd2 Qg2+ 34. Kc1 Qxg3 35. Qb8 Qxc3+ 36. Kd1 Qxd4+ 37. Kc2 Qc4+ 38. Kb2 b4 39. h5 Qc3+ 40. Ka2 b3+
41. Ka3 b2+ 42. Ka4 Qc4+ 43. Ka3 Qa6+ 44. Kxb2 Qb5+ 45. Qxb5 cxb5 46. Kb3 e5 47. fxe5+ Kxe5 48. Kb4 f4 49. Kxb5 Kd5 50. Kb6 f3
51. Kc7 f2 52. Kd7 f1=Q
0-1

[Event "Turtle Speed # 20"]
[Site "SchemingMind.com"]
[Date "2009.02.12"]
[Round "-"]
[White "MetallicMagma"]
[Black "finlaggan"]
[Result "0-1"]
[WhiteCountry "USA"]
[BlackCountry "SCO"]
[WhiteElo "1325"]
[WhiteRD "111"]
[BlackElo "2086"]
[BlackRD "90"]
[GameID "191824"]

1. Nc3 d5 2. d4 Nf6 3. Nf3 Bf5 4. e3 e6 5. Bd3 Bxd3 6. Qxd3 c6 7. Ne5 Nbd7 8. O-O Nxe5 9. Qd2 Ng6 10. g3 Bd6
11. a4 O-O 12. b3 e5 13. Ba3 exd4 14. exd4 Bxa3 15. Rxa3 Re8 16. f4 Qe7 17. f5 Qxa3 18. fxg6 hxg6 19. Qc1 Qxc1 20. Rxc1 Re3
21. Na2 Rae8 22. Kf2 Re2+ 23. Kf3 g5
0-1